[Event "TCh-TUR Super League 2014"]
[Site "Kocaeli TUR"]
[Date "2014.08.23"]
[Round "7.4"]
[Board "3"]
[White "Solak, Dragan"]
[Black "Kazhgaleyev, Murtas"]
[Result "1/2-1/2"]
[WhiteTitle "GM"]
[BlackTitle "GM"]
[WhiteElo "2632"]
[BlackElo "2563"]
[WhiteTeam "Besiktas Jimnastik Kulubu"]
[BlackTeam "Hatay Buyuksehir Belediye Genclik VE Spor Kulubu"]
[WhiteFideId "916811"]
[BlackFideId "13700316"]
[EventDate "2014.08.18"]

1. e4 e6 2. d4 d5 3. Nd2 Be7 4. Bd3 c5 5. dxc5 Nf6 6. Qe2 a5 7. Ngf3 O-O 8. O-O
Na6 9. e5 Nd7 10. c4 Naxc5 11. Bc2 dxc4 12. Qxc4 b5 13. Qg4 Bb7 14. Re1 Qc7 15.
Qg3 Rfd8 16. Nd4 Nxe5 17. Nxb5 Qc6 18. Rxe5 Qxb5 19. Bxh7+ Kf8 20. Re1 1/2-1/2

[Event "TCh-TUR Super League 2014"]
[Site "Kocaeli TUR"]
[Date "2014.08.23"]
[Round "7.4"]
[Board "4"]
[White "Ali Marandi, Cemil Can"]
[Black "Mamedov, Rauf"]
[Result "1/2-1/2"]
[WhiteTitle "IM"]
[BlackTitle "GM"]
[WhiteElo "2397"]
[BlackElo "2659"]
[WhiteTeam "Hatay Buyuksehir Belediye Genclik VE Spor Kulubu"]
[BlackTeam "Besiktas Jimnastik Kulubu"]
[WhiteFideId "6300529"]
[BlackFideId "13401653"]
[EventDate "2014.08.18"]

1. e4 g6 2. d4 Bg7 3. Nc3 a6 4. f4 b5 5. Be2 Bb7 6. Bf3 d6 7. Be3 e6 8. Nh3 b4
9. Ne2 Nf6 10. Nf2 Nbd7 11. c4 bxc3 12. Nxc3 Nb6 13. O-O O-O 14. b3 a5 15. Qc2
Qe7 16. Rac1 Rfc8 17. Rfe1 Nfd7 18. Qd2 a4 19. Nxa4 Nxa4 20. bxa4 Rxa4 21. Bd1
Raa8 22. f5 exf5 23. exf5 Qh4 24. fxg6 hxg6 25. Bb3 Nb6 26. d5 Qh5 27. Bg5 f6 1/2-1/2

[Event "TCh-TUR Super League 2014"]
[Site "Kocaeli TUR"]
[Date "2014.08.23"]
[Round "7.4"]
[Board "5"]
[White "Atakisi, Umut"]
[Black "Gulbas, Cemil"]
[Result "0-1"]
[WhiteTitle "IM"]
[BlackTitle "IM"]
[WhiteElo "2343"]
[BlackElo "2365"]
[WhiteTeam "Besiktas Jimnastik Kulubu"]
[BlackTeam "Hatay Buyuksehir Belediye Genclik VE Spor Kulubu"]
[WhiteFideId "6301037"]
[BlackFideId "201820"]
[EventDate "2014.08.18"]

1. e4 c5 2. Nf3 e6 3. d4 cxd4 4. Nxd4 Nf6 5. Nc3 Nc6 6. Ndb5 d6 7. Bf4 e5 8. Bg5
a6 9. Na3 b5 10. Nd5 Be7 11. Bxf6 Bxf6 12. c4 b4 13. Nc2 Rb8 14. b3 Bg5 15. Be2
O-O 16. Bg4 Be6 17. O-O Bh6 18. Nde3 g6 19. Qd3 Nd4 20. Bxe6 fxe6 21. Nxd4 exd4
22. Nc2 e5 23. Qh3 Kg7 24. Rad1 Qe7 25. g3 a5 26. Qg4 Rf7 27. Rd3 Rbf8 28. Kg2
Rf6 29. h4 Kh8 30. f3 Qf7 31. f4 Bg7 32. Rdf3 h5 33. Qg5 Qb7 34. Re1 Kh7 35. f5
gxf5 36. Qxh5+ Kg8 37. Kg1 fxe4 38. Rxf6 Rxf6 39. Qe8+ Bf8 40. Nxd4 exd4 41.
Rxe4 Qg7 42. Kh2 d3 43. Qc6 d2 44. Qd5+ Qf7 45. Rg4+ Bg7 46. Qa8+ Kh7 47. Qe4+
Kh8 48. Qa8+ Qf8 49. Qd5 Rf5 50. Qd3 Rf1 0-1

[Event "TCh-TUR Super League 2014"]
[Site "Kocaeli TUR"]
[Date "2014.08.23"]
[Round "7.4"]
[Board "6"]
[White "Batsiashvili, Nino"]
[Black "Ozturk, Kubra"]
[Result "1-0"]
[WhiteTitle "IM"]
[BlackTitle "WGM"]
[WhiteElo "2435"]
[BlackElo "2291"]
[WhiteTeam "Hatay Buyuksehir Belediye Genclik VE Spor Kulubu"]
[BlackTeam "Besiktas Jimnastik Kulubu"]
[WhiteFideId "13602993"]
[BlackFideId "6302599"]
[EventDate "2014.08.18"]

1. d4 Nf6 2. c4 e6 3. Nf3 b6 4. Nc3 Bb7 5. e3 d5 6. cxd5 Nxd5 7. Bb5+ c6 8. Bd3
Nxc3 9. bxc3 Nd7 10. e4 Be7 11. O-O O-O 12. Qe2 c5 13. Bf4 Nf6 14. Rad1 c4 15.
Bb1 b5 16. d5 exd5 17. e5 Nh5 18. Be3 g6 19. Nd4 b4 20. f4 Qc7 21. Nf5 Bc5 22.
cxb4 Bxe3+ 23. Nxe3 Rad8 24. Rd4 Rfe8 25. Qd1 Qb6 26. Kh1 Ng7 27. f5 Qxb4 28.
Ng4 gxf5 29. Nf6+ Kf8 30. Nxh7+ Ke7 31. Nf6 Rh8 32. Bxf5 Ne6 33. Bxe6 fxe6 34.
Qg4 Rhf8 35. Qg7+ Rf7 36. Nxd5+ Rxd5 37. Rxf7+ 1-0

[Event "TCh-TUR Super League 2014"]
[Site "Kocaeli TUR"]
[Date "2014.08.23"]
[Round "7.4"]
[Board "7"]
[White "Arat, Ufuk Sezen"]
[Black "Buyukasik, Diyap"]
[Result "1-0"]
[WhiteElo "2189"]
[BlackElo "2165"]
[WhiteTeam "Besiktas Jimnastik Kulubu"]
[BlackTeam "Hatay Buyuksehir Belediye Genclik VE Spor Kulubu"]
[WhiteFideId "6309089"]
[BlackFideId "6319602"]
[EventDate "2014.08.18"]

1. d4 Nf6 2. c4 g6 3. f3 d5 4. cxd5 Nxd5 5. e4 Nb6 6. Nc3 Bg7 7. Be3 O-O 8. Qd2
Nc6 9. O-O-O e5 10. d5 Nd4 11. f4 c5 12. fxe5 Bg4 13. Re1 Bxe5 14. h3 Bd7 15.
Nf3 Nxf3 16. gxf3 Rc8 17. h4 Na4 18. Nxa4 Bxa4 19. f4 Bg7 20. h5 c4 21. Bd4 Bxd4
22. Qxd4 Qd6 23. hxg6 fxg6 24. Bh3 Rce8 25. e5 Qa6 26. e6 c3 27. e7 cxb2+ 28.
Kxb2 Rf6 29. Be6+ Kg7 30. Rxh7+ Kxh7 31. Qxf6 1-0

[Event "TCh-TUR Super League 2014"]
[Site "Kocaeli TUR"]
[Date "2014.08.23"]
[Round "7.4"]
[Board "8"]
[White "Abdimanoglu, Beste Basak"]
[Black "Soylemez, Cansu"]
[Result "1-0"]
[WhiteElo "1872"]
[BlackElo "1919"]
[WhiteTeam "Hatay Buyuksehir Belediye Genclik VE Spor Kulubu"]
[BlackTeam "Besiktas Jimnastik Kulubu"]
[WhiteFideId "6300286"]
[BlackFideId "6315429"]
[EventDate "2014.08.18"]

1. d4 Nf6 2. Bg5 Ne4 3. h4 h6 4. Bf4 d5 5. Nd2 Nxd2 6. Qxd2 e6 7. Nf3 Bd6 8. c3
b6 9. Be5 Bxe5 10. Nxe5 Qf6 11. e3 O-O 12. O-O-O c5 13. Bd3 Qe7 14. Bb1 Re8 15.
Qc2 f5 16. g4 Qf8 17. Rdg1 Nd7 18. Ng6 Qf6 19. Nf4 Nf8 20. g5 hxg5 21. hxg5 Qd8
22. g6 Nd7 23. f3 Qf6 24. Rh7 Nf8 25. Qh2 Nxh7 26. Qxh7+ Kf8 27. Nh5 e5 28. Nxf6 1-0

[Event "TCh-TUR Super League 2014"]
[Site "Kocaeli TUR"]
[Date "2014.08.23"]
[Round "7.4"]
[Board "9"]
[White "Ozcan, Bora"]
[Black "Temizkan, Denizcan"]
[Result "0-1"]
[BlackTitle "CM"]
[WhiteElo "1786"]
[BlackElo "1972"]
[WhiteTeam "Besiktas Jimnastik Kulubu"]
[BlackTeam "Hatay Buyuksehir Belediye Genclik VE Spor Kulubu"]
[WhiteFideId "6335438"]
[BlackFideId "6325157"]
[EventDate "2014.08.18"]

1. d4 d5 2. c4 e6 3. Nf3 Nf6 4. Nc3 c6 5. Bg5 Nbd7 6. e3 Be7 7. Bd3 O-O 8. O-O
dxc4 9. Bxc4 Nd5 10. Bxe7 Qxe7 11. Qc2 Nxc3 12. Qxc3 b6 13. Rad1 Bb7 14. b4 Rfc8
15. Rd2 Nf6 16. Qb3 c5 17. bxc5 bxc5 18. Qa3 Rc7 19. Rfd1 Ne4 20. Rb2 Rd8 21. h3
Nd6 22. Ba6 Bxf3 23. gxf3 Nf5 24. f4 Qf6 25. Rc1 Qg6+ 26. Kh1 Nh4 27. Bf1 Qe4+
28. Kh2 h5 29. Rxc5 Nf3+ 30. Kh1 Rxc5 31. Qxc5 Nxd4+ 32. Bg2 Nf3 33. Qc1 Qf5 34.
Bxf3 Qxh3+ 35. Kg1 Qxf3 36. Rd2 Qg4+ 37. Kh2 Rxd2 38. Qxd2 h4 39. e4 f6 40. Qe3
a5 41. e5 f5 42. Qd4 Kh7 43. Qe3 a4 44. a3 Kh6 45. f3 Qg3+ 46. Kh1 h3 47. Qf2
Qxf4 48. Qf1 Qg3 49. f4 Qg2+ 0-1

[Event "TCh-TUR Super League 2014"]
[Site "Kocaeli TUR"]
[Date "2014.08.23"]
[Round "7.4"]
[Board "10"]
[White "Keskin, Suara"]
[Black "Arda, Cagil Irmak"]
[Result "1/2-1/2"]
[BlackTitle "WCM"]
[WhiteElo "1674"]
[BlackElo "1872"]
[WhiteTeam "Hatay Buyuksehir Belediye Genclik VE Spor Kulubu"]
[BlackTeam "Besiktas Jimnastik Kulubu"]
[WhiteFideId "6332650"]
[BlackFideId "6351700"]
[EventDate "2014.08.18"]

1. Nf3 d6 2. g3 e5 3. d3 g6 4. Bg2 Bg7 5. O-O f5 6. c3 Nf6 7. Nbd2 c6 8. e4 Qc7
9. Re1 O-O 10. Qb3+ Kh8 11. Ng5 Na6 12. Qc2 h6 13. Ngf3 f4 14. d4 g5 15. dxe5
dxe5 16. Nc4 Ng4 17. gxf4 exf4 18. h3 Be6 19. hxg4 Bxc4 20. Nd4 Nc5 21. b3 Nd3
22. Rd1 Nxc1 23. bxc4 Bxd4 24. cxd4 f3 25. Qxc1 fxg2 26. Kxg2 Rf4 27. f3 Raf8
28. Rd3 Qd7 29. Qc3 Kg8 30. d5 cxd5 31. Rxd5 Qe7 32. Rf5 R8xf5 33. gxf5 g4 34.
Qd4 gxf3+ 35. Kf2 Kh7 36. Rd1 Rxe4 37. Qd7 Kg8 38. Qc8+ Qe8 39. Rd8 Re2+ 40.
Kxf3 1/2-1/2

[Event "TCh-TUR Super League 2014"]
[Site "Kocaeli TUR"]
[Date "2014.08.23"]
[Round "7.5"]
[Board "1"]
[White "Mchedlishvili, Mikheil"]
[Black "Inarkiev, Ernesto"]
[Result "1/2-1/2"]
[WhiteTitle "GM"]
[BlackTitle "GM"]
[WhiteElo "2618"]
[BlackElo "2666"]
[WhiteTeam "Tarsus Zeka Satranc Kulubu"]
[BlackTeam "Denizsu Aquamatch Satranc Genclik VE Spor Kulubu"]
[WhiteFideId "13600966"]
[BlackFideId "4162722"]
[EventDate "2014.08.18"]

1. d4 Nf6 2. c4 g6 3. g3 c6 4. Bg2 d5 5. cxd5 cxd5 6. Nf3 Bg7 7. Nc3 Ne4 8. Ne5
Nxc3 9. bxc3 O-O 10. O-O Nc6 11. Nxc6 bxc6 12. Qa4 Qb6 13. Ba3 Qa6 14. Qxa6 Bxa6
15. Rfe1 Rfe8 16. e3 e6 17. Bf1 Bxf1 18. Kxf1 Bf8 19. Bxf8 Kxf8 20. Rab1 Rab8 1/2-1/2

[Event "TCh-TUR Super League 2014"]
[Site "Kocaeli TUR"]
[Date "2014.08.23"]
[Round "7.5"]
[Board "2"]
[White "Eljanov, Pavel"]
[Black "Miroshnichenko, Evgenij"]
[Result "1/2-1/2"]
[WhiteTitle "GM"]
[BlackTitle "GM"]
[WhiteElo "2723"]
[BlackElo "2602"]
[WhiteTeam "Denizsu Aquamatch Satranc Genclik VE Spor Kulubu"]
[BlackTeam "Tarsus Zeka Satranc Kulubu"]
[WhiteFideId "14102951"]
[BlackFideId "14102595"]
[EventDate "2014.08.18"]

1. d4 Nf6 2. c4 g6 3. Nc3 Bg7 4. e4 d6 5. Nf3 O-O 6. Be2 e5 7. O-O Nc6 8. d5 Ne7
9. a4 a5 10. b3 b6 11. Ba3 Nd7 12. b4 axb4 13. Bxb4 Nc5 14. a5 Bd7 15. axb6 cxb6
16. Bxc5 bxc5 17. Qb1 Qc7 18. Nb5 Qb6 19. h4 Rfb8 20. Ra2 Nc8 21. Qa1 Rxa2 22.
Qxa2 Qd8 23. Rb1 Bf6 24. g3 Bxb5 25. Rxb5 Qc7 26. Nd2 Bd8 27. Rxb8 Qxb8 28. Qa4
Kf8 29. Nb3 Ne7 30. Kf1 Ng8 31. Qb5 Qxb5 32. cxb5 Nf6 33. Nd2 Nd7 34. Nc4 Bc7
35. f4 Nb6 36. Ne3 h5 37. Kg2 Ke7 38. fxe5 dxe5 39. g4 hxg4 40. Bxg4 c4 41. h5
gxh5 42. Bxh5 Kd6 43. Bxf7 1/2-1/2

[Event "TCh-TUR Super League 2014"]
[Site "Kocaeli TUR"]
[Date "2014.08.23"]
[Round "7.5"]
[Board "3"]
[White "Soylu, Suat"]
[Black "Esen, Baris"]
[Result "1/2-1/2"]
[WhiteTitle "IM"]
[BlackTitle "GM"]
[WhiteElo "2394"]
[BlackElo "2589"]
[WhiteTeam "Tarsus Zeka Satranc Kulubu"]
[BlackTeam "Denizsu Aquamatch Satranc Genclik VE Spor Kulubu"]
[WhiteFideId "6300065"]
[BlackFideId "6302114"]
[EventDate "2014.08.18"]

1. e4 c5 2. Nf3 d6 3. d4 cxd4 4. Qxd4 e5 5. Qd1 Nf6 6. Nc3 h6 7. Bc4 Be7 8. O-O
O-O 9. Qe2 Nc6 10. Nd5 Be6 11. Rd1 Rc8 12. c3 Re8 13. h3 Bf8 14. Nxf6+ Qxf6 15.
Bd5 b6 16. Be3 Ne7 17. c4 Nxd5 18. cxd5 Bd7 19. Nd2 Rc7 20. Rdc1 Rec8 21. Rxc7
Rxc7 22. a4 Qd8 23. Nb1 Qc8 24. Nc3 Be7 25. a5 bxa5 26. Rxa5 Qb8 27. Ra2 Bg5 28.
Bxg5 hxg5 29. Qa6 Rb7 30. Kh2 Kf8 31. Qe2 f6 32. Qh5 Kg8 33. Qe2 g6 34. Kg1 Kf7
35. Qe3 Kg7 36. Ra6 Rb6 37. Rxb6 axb6 38. Na2 Qc7 39. Qc3 Qc5 40. Qe3 Qc7 1/2-1/2

[Event "TCh-TUR Super League 2014"]
[Site "Kocaeli TUR"]
[Date "2014.08.23"]
[Round "7.5"]
[Board "4"]
[White "Firat, Burak"]
[Black "Yurtseven, Ahmet Can"]
[Result "1-0"]
[WhiteTitle "IM"]
[BlackTitle "FM"]
[WhiteElo "2456"]
[BlackElo "2289"]
[WhiteTeam "Denizsu Aquamatch Satranc Genclik VE Spor Kulubu"]
[BlackTeam "Tarsus Zeka Satranc Kulubu"]
[WhiteFideId "6305881"]
[BlackFideId "6300081"]
[EventDate "2014.08.18"]

1. e4 Nf6 2. e5 Nd5 3. d4 d6 4. Nf3 dxe5 5. Nxe5 c6 6. c4 Nb4 7. Be3 Bf5 8. Nd3
e5 9. Nxb4 Bxb4+ 10. Nc3 exd4 11. Bxd4 O-O 12. Be2 Qe7 13. Be3 Nd7 14. O-O Rfd8
15. Qb3 a5 16. Na4 Rab8 17. a3 Bd6 18. Rad1 b5 19. cxb5 cxb5 20. Bxb5 Bg4 21.
Rd2 Qe5 22. f4 Qe7 23. Bd4 Bxf4 24. Rxf4 Be6 25. Qg3 f6 26. Bxd7 Rxd7 1-0

[Event "TCh-TUR Super League 2014"]
[Site "Kocaeli TUR"]
[Date "2014.08.23"]
[Round "7.5"]
[Board "5"]
[White "Bayram, Yakup"]
[Black "Citak, Selim"]
[Result "0-1"]
[WhiteTitle "FM"]
[BlackTitle "FM"]
[WhiteElo "2268"]
[BlackElo "2340"]
[WhiteTeam "Tarsus Zeka Satranc Kulubu"]
[BlackTeam "Denizsu Aquamatch Satranc Genclik VE Spor Kulubu"]
[WhiteFideId "6300677"]
[BlackFideId "6301819"]
[EventDate "2014.08.18"]

1. a3 e5 2. c4 Nf6 3. e3 c6 4. Nf3 e4 5. Nd4 d5 6. cxd5 cxd5 7. b3 Nc6 8. Nxc6
bxc6 9. Qc2 Bd7 10. d3 Bd6 11. Bb2 O-O 12. Nd2 exd3 13. Bxd3 Re8 14. Bf5 Rc8 15.
O-O Bxf5 16. Qxf5 Re6 17. g3 Nd7 18. e4 g6 19. Qh3 dxe4 20. Rad1 Qe7 21. Nc4 Re8
22. Qh6 f6 23. Nxd6 Rxd6 24. Qe3 Nb6 25. Rxd6 Qxd6 26. Re1 Re6 27. Qc1 Nd5 28.
Bd4 Qe7 29. Bc5 Qd7 30. Qc4 f5 31. b4 Nb6 32. Qc2 Qd3 33. Qc1 Nd5 34. Rd1 Qe2
35. Rd2 Qf3 36. Rxd5 cxd5 37. Qg5 Qd1+ 38. Kg2 Qf3+ 39. Kg1 Qd1+ 40. Kg2 Qa4 41.
Qd8+ Qe8 42. Qxd5 Qc6 43. Qxc6 Rxc6 44. Bxa7 Ra6 45. Be3 Rxa3 46. b5 Rb3 47. b6
Kf7 48. Kh3 g5 49. Bxg5 Rxb6 50. Be3 Rb3 51. Kh4 Kg6 52. Kh3 Kh5 53. Kg2 Kg4 54.
h3+ Kh5 55. Kh2 Kg6 56. Kg2 h5 57. h4 Rb1 58. Bf4 Kf7 59. Be3 Ke6 60. Bf4 Kd5
61. Be3 Kc4 62. Bf4 Kd3 63. Be3 Ke2 64. Bc5 Rb3 65. Bd4 Rf3 0-1

[Event "TCh-TUR Super League 2014"]
[Site "Kocaeli TUR"]
[Date "2014.08.23"]
[Round "7.5"]
[Board "6"]
[White "Dzagnidze, Nana"]
[Black "Gvetadze, Sofio"]
[Result "1-0"]
[WhiteTitle "GM"]
[BlackTitle "IM"]
[WhiteElo "2550"]
[BlackElo "2361"]
[WhiteTeam "Denizsu Aquamatch Satranc Genclik VE Spor Kulubu"]
[BlackTeam "Tarsus Zeka Satranc Kulubu"]
[WhiteFideId "13601903"]
[BlackFideId "13601440"]
[EventDate "2014.08.18"]

1. d4 d5 2. c4 e6 3. Nc3 Nf6 4. cxd5 exd5 5. Bg5 Bb4 6. e3 h6 7. Bh4 g5 8. Bg3
Ne4 9. Qc2 h5 10. f3 Nxg3 11. hxg3 Bd6 12. g4 h4 13. Bd3 c6 14. Nh3 Bg3+ 15. Kd2
Be6 16. Bf5 Qf6 17. Rad1 Nd7 18. Kc1 O-O-O 19. Kb1 Kb8 20. e4 Bc7 21. Nf2 Nb6
22. e5 Qe7 23. Rhe1 Nc4 24. Na4 Bb6 25. Nxb6 axb6 26. Bd3 c5 27. Bxc4 dxc4 28.
Qc3 b5 29. dxc5 Qxc5 30. Ne4 Qb6 31. a3 h3 32. gxh3 Rxh3 33. Nxg5 Rh2 34. Ne4
Rd5 35. Nf6 Rc5 36. Rd6 b4 37. axb4 Rc6 38. Rxe6 1-0

[Event "TCh-TUR Super League 2014"]
[Site "Kocaeli TUR"]
[Date "2014.08.23"]
[Round "7.5"]
[Board "7"]
[White "Komut, Burak"]
[Black "Zeytinoglu, Nasir Ekin"]
[Result "1/2-1/2"]
[WhiteElo "1951"]
[BlackElo "2003"]
[WhiteTeam "Tarsus Zeka Satranc Kulubu"]
[BlackTeam "Denizsu Aquamatch Satranc Genclik VE Spor Kulubu"]
[WhiteFideId "6309984"]
[BlackFideId "6310478"]
[EventDate "2014.08.18"]

1. e4 e5 2. Nf3 Nc6 3. Bb5 Nf6 4. O-O Nxe4 5. d4 Nd6 6. Bxc6 dxc6 7. dxe5 Nf5 8.
Qxd8+ Kxd8 9. Nc3 Ke8 10. Rd1 Ne7 11. Be3 Bg4 12. h3 Nf5 13. Ne4 Bxf3 14. gxf3
Be7 15. Rd3 Rd8 16. Rad1 b6 17. Kf1 h6 18. Ke2 Rxd3 19. Rxd3 Bd8 20. Ng3 Nh4 21.
b4 Be7 22. c3 a6 23. f4 g6 24. Ne4 Bd8 25. c4 Nf5 26. Ra3 Kd7 27. Rxa6 Re8 28.
Ra8 Be7 29. Rxe8 Kxe8 30. c5 b5 31. Kd3 Kd7 32. Ng3 Ke6 33. Ke4 Bh4 34. Ne2 Be7
35. Nc3 Bf8 36. a4 bxa4 37. Nxa4 Bg7 38. Nb2 Ne7 39. Nc4 Nf5 40. Na3 Bf8 41. Nc4
Bg7 42. Na5 Kd7 43. Bd2 Bf8 44. Bc3 Be7 45. Bd4 Bh4 46. Be3 Ne7 47. Bd4 Nf5 48.
Be3 Ne7 49. Kd4 Nf5+ 50. Kd3 Be7 51. Kc4 Bh4 52. b5 cxb5+ 53. Kxb5 Ne7 54. c6+
Ke6 55. Ka6 f6 56. Kb7 fxe5 57. fxe5 Kxe5 58. Kxc7 Ke4 59. Kd7 Nxc6 60. Nxc6 g5
61. Ke6 Kf3 62. Ne5+ Kg2 63. Ng4 h5 64. Kf5 Kxh3 65. Nf6 g4 66. Nxh5 Kg2 67.
Nf4+ Kf3 68. Nd3 g3 69. Ne5+ Ke2 70. fxg3 Bxg3 71. Bd4 Bxe5 1/2-1/2

[Event "TCh-TUR Super League 2014"]
[Site "Kocaeli TUR"]
[Date "2014.08.23"]
[Round "7.5"]
[Board "8"]
[White "Patel, Yesim"]
[Black "Kaplan, Ebru"]
[Result "1/2-1/2"]
[WhiteTitle "WCM"]
[WhiteElo "1882"]
[BlackElo "1882"]
[WhiteTeam "Denizsu Aquamatch Satranc Genclik VE Spor Kulubu"]
[BlackTeam "Tarsus Zeka Satranc Kulubu"]
[WhiteFideId "6300200"]
[BlackFideId "6315194"]
[EventDate "2014.08.18"]

1. e4 e5 2. Nf3 Nc6 3. Bb5 a6 4. Ba4 Nf6 5. O-O Be7 6. Re1 b5 7. Bb3 d6 8. c3
O-O 9. h3 Na5 10. Bc2 c5 11. d4 Qc7 12. d5 Ne8 13. b3 c4 14. b4 Nb7 15. a4 bxa4
16. Bxa4 f5 17. Bg5 Bxg5 18. Nxg5 Qe7 19. Ne6 Bxe6 20. dxe6 fxe4 21. Bc6 Nf6 22.
Bxb7 Qxb7 23. Qxd6 Rfd8 24. Qxe5 Qe7 25. Ra5 Rd6 26. Na3 Rc8 27. Rc5 Rxc5 28.
Qxc5 Qxe6 29. Rc1 Rc6 30. Qd4 Rc7 31. Qd8+ Ne8 32. Rd1 Kf7 33. Nc2 Rc8 34. Qd4
Rc7 35. Ne3 Nf6 36. Qd6 Rd7 37. Qxe6+ Kxe6 38. Ra1 Rd6 39. Nxc4 Rc6 40. Ne3 Nd5
41. Nxd5 Kxd5 42. Rd1+ Kc4 43. Rd4+ Kxc3 44. Rxe4 Rb6 45. Re7 g6 46. Rxh7 Kxb4
47. h4 a5 48. Ra7 a4 49. g4 Kb3 50. Kg2 a3 51. Kg3 Kb2 52. g5 a2 53. Kg4 a1=Q
54. Rxa1 Kxa1 55. h5 Rb4+ 56. f4 gxh5+ 57. Kxh5 Rxf4 58. g6 Rf1 59. g7 Rg1 60.
Kh6 Rxg7 61. Kxg7 1/2-1/2

[Event "TCh-TUR Super League 2014"]
[Site "Kocaeli TUR"]
[Date "2014.08.23"]
[Round "7.5"]
[Board "9"]
[White "Sevgi, Volkan"]
[Black "Tuncer, Tuna"]
[Result "0-1"]
[WhiteTitle "FM"]
[WhiteElo "2142"]
[BlackElo "1996"]
[WhiteTeam "Tarsus Zeka Satranc Kulubu"]
[BlackTeam "Denizsu Aquamatch Satranc Genclik VE Spor Kulubu"]
[WhiteFideId "6325335"]
[BlackFideId "6349269"]
[EventDate "2014.08.18"]

1. e4 c5 2. c3 Nf6 3. e5 Nd5 4. d4 cxd4 5. Nf3 e6 6. cxd4 d6 7. Bc4 Nc6 8. O-O
Be7 9. Qe2 O-O 10. Nc3 Nxc3 11. bxc3 dxe5 12. dxe5 Qa5 13. a4 Rd8 14. Bd2 b6 15.
Bb5 Bb7 16. Qe4 Rac8 17. c4 Rxd2 18. Nxd2 Qxd2 19. Rad1 Qg5 20. Rd7 Ba8 21. f4
Qg6 22. Qxg6 Bc5+ 23. Kh1 hxg6 24. Rfd1 Be3 25. Ba6 Rf8 26. Bb7 Bxb7 27. Rxb7
Bxf4 28. c5 bxc5 29. Rc7 Nxe5 30. Rxc5 Rb8 31. h3 Nd3 32. Rc2 Nb4 33. Rc5 Nd5
34. a5 Be3 35. Rc6 g5 36. Rf1 Rb5 37. g3 Rxa5 38. Rc8+ Kh7 39. Rxf7 Ra1+ 40. Kh2
Bg1+ 41. Kg2 Ne3+ 42. Kh1 Bf2+ 43. Kh2 Nf5 44. Ra8 a5 45. Kg2 Bxg3 46. Rfa7 Be1
47. Ra6 Nh4+ 48. Kf1 Bb4+ 49. Kf2 Ra2+ 50. Ke3 Nf5+ 51. Kf3 Ra3+ 52. Kf2 Re3 53.
Re8 Be1+ 54. Kf1 Ng3+ 55. Kg2 Nh5 56. Rb6 Nf4+ 57. Kf1 Bh4 58. Rb1 Rxh3 59. Kg1
Re3 60. Ra8 Re1+ 61. Rxe1 Bxe1 62. Kf1 Bb4 63. Kf2 Kg6 64. Ra6 Kf5 65. Kf3 g4+
66. Kg3 Be1+ 67. Kh2 g3+ 68. Kg1 Bf2+ 69. Kf1 Bc5 0-1

[Event "TCh-TUR Super League 2014"]
[Site "Kocaeli TUR"]
[Date "2014.08.23"]
[Round "7.5"]
[Board "10"]
[White "Vatansever, Buse"]
[Black "Okuyaz, Duru"]
[Result "1/2-1/2"]
[BlackTitle "WCM"]
[WhiteElo "1686"]
[BlackElo "1888"]
[WhiteTeam "Denizsu Aquamatch Satranc Genclik VE Spor Kulubu"]
[BlackTeam "Tarsus Zeka Satranc Kulubu"]
[WhiteFideId "6324746"]
[BlackFideId "6346022"]
[EventDate "2014.08.18"]

1. e4 e6 2. d4 d5 3. Nd2 c5 4. exd5 exd5 5. Ngf3 Nc6 6. Bb5 Bd6 7. O-O Ne7 8.
Nb3 c4 9. Nbd2 O-O 10. b3 cxb3 11. axb3 Bg4 12. Bb2 Ng6 13. Bxc6 bxc6 14. h3 Be6
15. Ra6 Qc8 16. Ra4 f6 17. Ba3 Bxa3 18. Rxa3 Nf4 19. Nh2 c5 20. Qf3 Ng6 21. c3
cxd4 22. cxd4 Qb7 23. Qc3 Rfc8 24. Qa5 Nf4 25. Re1 Bf7 26. b4 Qb6 27. Nhf3 Qxa5
28. Rxa5 Nd3 29. Rb1 Bg6 30. Nh4 Bf7 31. Rb3 Nf4 32. Re3 Rc2 33. Nhf3 Rb2 34.
Rb3 Rxb3 35. Nxb3 g5 36. h4 g4 37. Nfd2 Rb8 38. b5 Bg6 39. g3 Ne2+ 40. Kg2 Nc3
41. Rxa7 Nxb5 42. Rd7 Nc3 43. Rc7 Ne4 44. Kf1 Rb4 45. Nxe4 Bxe4 46. Rc3 Bb1 47.
Ke1 Be4 48. Kd2 Bf3 49. Ke3 Kg7 50. Nd2 Kg6 51. Nxf3 gxf3 52. Rd3 h5 53. Kxf3
Kf5 54. Ke3 Kg4 55. Rc3 Ra4 56. Rc5 Ra3+ 57. Ke2 Ra2+ 58. Ke3 Ra3+ 59. Ke2 Ra2+
60. Ke3 1/2-1/2

[Event "TCh-TUR Super League 2014"]
[Site "Kocaeli TUR"]
[Date "2014.08.23"]
[Round "7.6"]
[Board "1"]
[White "Ding, Liren"]
[Black "Cheparinov, Ivan"]
[Result "1/2-1/2"]
[WhiteTitle "GM"]
[BlackTitle "GM"]
[WhiteElo "2742"]
[BlackElo "2681"]
[WhiteTeam "T.S. Alyans Satranc Spor Kulubu"]
[BlackTeam "Turk Hava Yollari Spor Kulubu"]
[WhiteFideId "8603677"]
[BlackFideId "2905540"]
[EventDate "2014.08.18"]

1. c4 c5 2. Nf3 Nc6 3. Nc3 Nf6 4. d4 cxd4 5. Nxd4 e6 6. a3 Be7 7. e4 O-O 8. Nf3
Qa5 9. Bd2 Qh5 10. Bd3 d5 11. O-O Rd8 12. Qc2 dxc4 13. Bxc4 Ne5 14. Be2 Nxf3+
15. Bxf3 Qe5 16. g3 Qc7 17. Rfd1 e5 18. Be3 Be6 19. Rac1 Rxd1+ 20. Qxd1 Qa5 21.
Qa4 Qxa4 22. Nxa4 b6 23. Kf1 Rc8 1/2-1/2

[Event "TCh-TUR Super League 2014"]
[Site "Kocaeli TUR"]
[Date "2014.08.23"]
[Round "7.6"]
[Board "3"]
[White "Haznedaroglu, Kivanc"]
[Black "Kerigan, Demre"]
[Result "1/2-1/2"]
[WhiteTitle "GM"]
[BlackTitle "FM"]
[WhiteElo "2471"]
[BlackElo "2343"]
[WhiteTeam "T.S. Alyans Satranc Spor Kulubu"]
[BlackTeam "Turk Hava Yollari Spor Kulubu"]
[WhiteFideId "6300634"]
[BlackFideId "6307841"]
[EventDate "2014.08.18"]

1. e4 d6 2. d4 Nf6 3. Nc3 c6 4. a4 e5 5. Nf3 Nbd7 6. Bc4 Be7 7. O-O O-O 8. Re1
a5 9. Ba2 Qc7 10. h3 exd4 11. Nxd4 Nc5 12. Bf4 Qb6 13. Qf3 Re8 14. g4 Ncxe4 15.
Nxe4 Qxd4 16. Bxd6 Qxb2 17. Bb3 Be6 18. Rab1 Qd4 19. Rbd1 Qb2 20. Rb1 Qd4 21.
Rbd1 Qb2 22. Rb1 Qd4 23. Rbd1 Qb2 1/2-1/2